| 000 | 00577cam a22001814a 4500 | ||
|---|---|---|---|
| 005 | 20250605163559.0 | ||
| 008 | 250528s ||||||||||||||||||||||||d | ||
| 035 | _a22128 | ||
| 020 | _a9789604861200 | ||
| 040 |
_aGR-AtMCL _bgre _dGR-AtMCL _eAACR2 |
||
| 245 | 1 | _aΤΟ ΠΑΡΟΝ ΚΑΙ ΤΟ ΠΑΡΕΛΘΟΝ ΤΟΥ ΕΛΛΗΝΙΣΜΟΥ ΤΟΜΟΣ 7 / Η ΙΣΤΟΡΙΑ Ο ΠΟΛΙΤΙΣΜΟΣ ΤΟ ΣΥΓΧΡΟΝΟ ΚΡΑΤΟΣ | |
| 250 | _a1 | ||
| 260 |
_bΠάπυρος _bΣυλλογικο, _c2016 |
||
| 300 | _a406 | ||
| 942 | _cBK | ||
| 999 |
_c7184 _d7184 |
||